|
|
|
|
| LEADER |
00000cac a2200000 i 4500 |
| 001 |
50109 |
| 003 |
Ucuenca |
| 005 |
20230308210655.0 |
| 008 |
952071|1947 sp |||||r|||||||||||spa|| |
| 999 |
|
|
|c 116051
|d 116051
|
| 040 |
|
|
|b spa
|a UCuenca-CDRJBV
|c UCuenca
|e rda
|
| 041 |
1 |
|
|a spa
|
| 082 |
0 |
|
|a 863.5
|
| 100 |
1 |
|
|a Valera, Juan
|9 13066
|
| 245 |
|
|
|a Pepita Jiménez
|c Juan Valera; edición y prólogo de Manuel Azaña
|h imp
|
| 264 |
|
|
|a Madrid
|b Espasa - Calpe
|c 1947
|
| 300 |
|
|
|a 229 páginas:
|c 19 cm
|
| 336 |
|
|
|2 rdacontent
|a texto
|b txt
|
| 337 |
|
|
|2 rdamedia
|a no mediado
|b n
|
| 338 |
|
|
|2 rdacontent
|a Texto
|b txt
|
| 490 |
|
|
|a Clásicos Castellanos
|n no. 80
|
| 504 |
|
|
|a incl. ref.
|
| 650 |
1 |
|
|a Literatura española
|9 218293
|
| 650 |
1 |
|
|a Narrativa
|9 446
|
| 650 |
1 |
|
|a Cartas
|9 28502
|
| 650 |
1 |
|
|a Clasicos castellanos
|9 233457
|
| 852 |
|
|
|a UC-CDJBV
|
| 942 |
|
|
|c CR
|2 ddc
|r teodoro.astudillo@ucuenca.edu.ec
|0 1
|